Semantique de l'image : pour une approche methodique des messages visuels
Αποθηκεύτηκε σε:
| Κύριος συγγραφέας: | |
|---|---|
| Άλλοι συγγραφείς: | |
| Μορφή: | Βιβλίο |
| Γλώσσα: | French |
| Δημοσίευση: |
Paris :
Librairie Delagrave,
1986
|
| Σειρά: | Collection G. Belloc
|
| Θέματα: | |
| Ετικέτες: |
Προσθήκη ετικέτας
Δεν υπάρχουν, Καταχωρήστε ετικέτα πρώτοι!
|
MARC
| LEADER | 00000nam a2200000 i 4500 | ||
|---|---|---|---|
| 001 | 1/102796 | ||
| 008 | 000229s1986 fre d | ||
| 020 | |a 2-206-00311-2 | ||
| 035 | |l 10058223 | ||
| 040 | |a GR-MY-UA |b gre |e aacr | ||
| 041 | 0 | |a fre | |
| 082 | 0 | |a 302.23 | |
| 100 | 1 | |a Cocula, Bernard. | |
| 245 | 1 | 0 | |a Semantique de l'image : |b pour une approche methodique des messages visuels / |c Bernard Cocula, Claude Peyroutet |
| 260 | |a Paris : |b Librairie Delagrave, |c 1986 | ||
| 300 | |a 231 p. | ||
| 490 | 1 | |a Collection G. Belloc | |
| 650 | 0 | 0 | |a Visual communication. |
| 700 | 1 | |a Peyroutet, Claude. | |
| 830 | 0 | |a Collection G. Belloc | |
| 852 | |a INST |b RHODES |e 20000229 |h 302.23 COC |p 005400012333 |q 005400012333 |t BK |y 0 | ||
| 901 | |a BIBL4-2000-1 | ||
| 909 | |a Ρ |b 068979 | ||
| 922 | |a 4ΕΛΗ |b 199909 |c ΚΠΣ/154 |d GLORY BOOKS | ||
| 970 | |a ΚΟΥΛΑΚΙΟΤΗ |b ΛΙΤΣΑ |z 2000/02/29 | ||